Jujutsu kaisen and modulo cursed techniques - Statistics

General Stats
  • This quiz has been taken 99 times
  • The average score is 37 of 77
Answer Stats
Hint Answer % Correct
Megumi Fushiguro Ten shadows
97%
Yuka Okkotsu Ten shadows
97%
Yuji Itadori Blood manipulation
91%
Noritoshi Kamo Blood manipulation
91%
Choso Blood manipulation
91%
Yuta Okkotsu Copy
88%
Toge Inumaki Cursed speech
88%
Kou Usami Cursed speech
88%
Aoi Todo Boogie woogie
84%
Megumi Fushiguro(Domain expansion) Chimera shadow garden
84%
Satoru Gojo Limitless
77%
Yuji Itadori Shrine
77%
Sukuna Ryomen Shrine
77%
Nobara Kugisaki Straw doll
77%
Kinji Hakari(Domain expansion) Idle death gamble
76%
Kento Nanami Ratio
73%
Mahito Idle transfiguration
71%
Sukuna Ryomen(Domain expansion) Malevolent shrine
71%
Mahito(Domain expansion) Self embodiment of perfection
68%
Yuta Okkotsu(Domain expansion) Authentic Mutual Love
65%
Satoru Gojo(Domain expansion) Unlimited void
64%
Hiromi Higuruma(Domain expansion) Deadly sentencing
63%
Jogo(Domain expansion) Coffin of the iron mountain
61%
Naoya Zenin Projection sorcery
61%
Naobito Zenin Projection sorcery
61%
Fumihiko Takaba Comedian
57%
Mai Zenin Construction
57%
Yorozu Construction
57%
Masamichi Yaga Puppet manipulation
56%
Kokichi Muta Puppet manipulation
56%
Takako Uro Sky manipulation
56%
Yuki Tsukumo Star rage
55%
Suguru Geto Cursed spirit manipulation
52%
Jogo Disaster flames
52%
Tengen Immortality
52%
Momo Nishimiya Tool manipulation
52%
Dabura Karaba Light
51%
Naoya Zenin(Domain expansion) Time cell moon palace
51%
Hanami Disaster plants
48%
Mei Mei Black bird manipulation
44%
Hajime Kashimo Mythical beast amber
44%
Dagon Disaster tides
43%
Eso Rot
43%
Kechizu Rot
43%
Kenjaku(Domain expansion) Womb profusion
41%
Dagon(Domain expansion) Horizon of the captivating skandha
39%
Haruta Shigemo Miracles
39%
Kirara Hoshi Love rendezvous
35%
Ogami Seance
35%
Takuma Ino Auspicious beasts summon
33%
Kenjaku Brain transplant
32%
Ryu Ishigori Cursed energy discharge
31%
Uraume Ice formation
31%
Remi Scorpion hair
31%
Utahime Iori Solo forbidden area
31%
Rin Amai Sugar manipulation
31%
Yorozu(Domain expansion) Threefold affliction
29%
Jiro Awasaka Inverse
28%
Reggie Star Contractual recreation
25%
Ogi Zenin Blazing courage
24%
Ui Ui Spatial transference
24%
Iori Hanezoki Explosive flesh
23%
Charles Bernard G warstaff
23%
Cross Val Vol Yelvor Harmony
23%
Kaori Itadori Antigravity system
21%
Marulu Val Vol Yelvori Chaos
21%
Haba Helicopter hair
21%
Miguel Oduol Prayer song
21%
Yoshinobu Gakuganji Sound amplifier
20%
Larue Heart catch
19%
Ranta Zenin Paralyzing gaze
17%
Hanyu Airplane hair
16%
Chojuro Zenin Earth manipulation
16%
Hana Kurusu Technique extinguishment
15%
Jinichi Zenin Missile Fists
13%
Hanami(Domain expansion) Shining sea of growing branches
12%
Dabura Karaba(Domain expansion) Otherworld Between Darkness and Light Reverse Transcendence
11%
No matching quizzes found
Score Distribution
Percent of People with Each Score
Percentile by Number Answered
Your Score History
You have not taken this quiz